000 00735nam a2200265Ia 4500
005 20260302115340.0
008 008 260114s9999 xx 000 0 eng d
020 _a9798216967972
037 _aTextbook
040 _aCRL
040 _beng
040 _cCRL
041 _2eng
041 _aeng
084 _qCRL
100 _aDavid M. Sandner
_91121374
245 4 _aThe Fantastic Sublime Romanticism and Transcendence in Nineteenth-Century Children's Fantasy Literature
260 _bBloomsbury
260 _bPraeger
260 _c1996
650 _aLiterary Studies
856 _uhttps://doi.org/10.5040/9798216967972?locatt=label:secondary_bloomsburyCollections
942 _cEBOOK
999 _c1685890
_d1685890